Anagramas de capitais mundiais - Statistics

Estatísticas Gerais
  • Esse quiz foi jogado 154 vezes
  • A pontuação média é 7 de 13
Estatísticas das Respostas
Hint Resposta % Correto
leus Seul
98%
sbxalure Bruxelas
73%
nhavaa Havana
73%
ielbrm Berlim
72%
imdadr Madrid
71%
tubdaesep Budapeste
69%
qmpieu Pequim
67%
udanla Luanda
62%
abirion Nairobi
44%
ubndil Dublin
34%
nstaea Atenas
31%
timudevnoe Montevideu
28%
rmarceab Camberra
15%
Nenhum quiz correspondente encontrado
Distribuição das Pontuações
Porcentagem de Pessoas com Cada Pontuação
Percentil de Números Respondidos
Sua Pontuação Histórica
Você não jogou esse quiz